000 00440nam a22001337a 4500
005 20241107110314.0
008 241107b |||||||| |||| 00| 0 eng d
245 _aThe Supreme Court of Ghana Law Reports 2010
260 _aAccra, Ghana
_bAdvanced Legal Publications
_c2010
300 _alxx, 1046 pages
_c24 cm
500 _aCases determined by the Supreme Court of the Republic of Ghana.
650 _2Law Reports
_xGhana
942 _2lcc
_cBK
_n0
999 _c786
_d786